| 000 | 00000nam##2200000za#4500 |
| 001 | 9.579558 |
| 003 | CaOODSP |
| 005 | 20210624190623 |
| 007 | cr ||||||||||| |
| 008 | 150406|1995||||xxc|||||o f|0| 0 eng|d |
| 022 | |a1488-5387 |
| 040 | |aCaOODSP|beng |
| 043 | |an-cn--- |
| 086 | 1 |aFs97-4/2333E-PDF |
| 110 | 1 |aCanada. |bDepartment of Fisheries and Oceans. |
| 245 | 10|aEvaluation of the 1994 sediment analyses from the Miramichi channel / |h[electronic resource]|cby V. Zitko. |
| 260 | |aSt. Andrews - New Brunswick : |bFisheries and Oceans Canada |c1995. |
| 300 | |a70p.|bfigs., references, tables |
| 490 | 1 |aCanadian manuscript report of fisheries and aquatic sciences|x1488-5387|vNo. 2333 |
| 500 | |aOn t.p.: Biological Station, St. Andrews, New Brunswick. The catalogue number and ISSN for the print edition appear in the PDF version. |
| 546 | |a(Résumés en français) |
| 590 | |a14-09-Supp|b2014-04-23 |
| 720 | 1 |aZitko, V. |
| 830 | #0|aCanadian manuscript report of fisheries and aquatic sciences,|x1488-5387|vNo. 2333|w(CaOODSP)9.505211 |
| 856 | 40|ahttp://publications.gc.ca|qPDF|s1998 KB|uhttps://publications.gc.ca/collections/collection_2014/mpo-dfo/Fs97-4-2333-eng.pdf|yNo. 2333 |